000 00722nam a2200241 i 4500
001 74918
003 ES-MaACL
005 20230906172303.0
007 t|
008 040921s1985 sp ||||1| spa d
020 _a84-85041-90-9
100 1 _aGonzález Santos, Luis.
_958961
245 1 0 _aGodoy
_b: Príncipe de la Paz, siervo de la guerra /
_cLuis González Santos.
260 _a[Madrid] :
_bSílex,
_c[1985]
300 _a224 p. ;
_c21 cm.
490 1 _aRetratos de antaño
500 _aIndice.
504 _aBibliografía: p. 218.
600 0 4 _aGodoy, Manuel de,
_cPríncipe de la Paz
_957538
830 0 _aRetratos de antaño
_9180802
852 _aES-MaACL
_jL-8599
_bR.108964
999 _c74918
_d74918